Propagácia malých a stredných podnikov prostredníctvom e-komunikačných nástrojov bakalárska práca

Enregistré dans:
Détails bibliographiques
Auteur principal: Ďurovič, Roman
Collectivité auteur: Fakulta podnikového manažmentu EU. Katedra informačného manažmentu
Autres auteurs: Filanová, Jana, 1967-
Format: Livre
Langue:slovaque
Publié: Bratislava 2021
Tags: Ajouter un tag
Pas de tags, Soyez le premier à ajouter un tag!

MARC

LEADER 00000nbm a2200000 4500
001 0275852
005 20211104095208.3
041 0 |a slo 
044 |a SK 
245 1 0 |a Propagácia malých a stredných podnikov prostredníctvom e-komunikačných nástrojov  |b bakalárska práca  |c Roman Ďurovič ; školiteľ: Jana Filanová 
264 1 |a Bratislava  |c 2021 
300 |a 43 s. 
100 1 |a Ďurovič, Roman 
700 1 |a Filanová, Jana, 1967- 
710 2 |a Fakulta podnikového manažmentu EU. Katedra informačného manažmentu